Les orques - Statistiques

Statistiques générales
  • Ce quiz a été pris 21 fois
  • Le résultat moyen est 7 sur 15
Statistiques - réponses
Questions Réponses % Correct
L'orque est l'animal le plus intelligent ? Vrai ou Faux ? Faux
92%
Combien recense-t-on d'attaques mortelles d'orques en captivité ? 4
85%
Quelle est la taille maximale d'un groupe sociale d'orques ? 50
77%
Quel est le nom de l'orque dans le célèbre film portant son nom, sorti en 1993 ? Willy
77%
Depuis quand observe-t-on des attaques d'orques sur des bateaux à Gibraltar ? 2020
69%
Qui dirige ces regroupements ? La matriarche
54%
Quelle est le nom de l'orque surnommée "orque tueuse " ? Tilikum
54%
Quelle est le système social des orques ? Matriarcale
31%
Quel est le nom scientifique complet des orques ? Orcinus orca
31%
Quelle documentaire, sorti en 2013, sensibilise sur les conditions de captivité des orques ? Blackfish
23%
Comment se nomme un regroupement de familles d'orque ? Pod
23%
Quelle est la proie principale des orques résidentes du Pacifique Nord Est ? Saumon Chinook
23%
Quelle est la puissance de mâchoire d'une orque ? ( en Kg/ cm² ) 1000
15%
Quelle est la vitesse maximale d'une orque ? ( En km/h ) 56
15%
Quel est son vrai nom ? Keiko
15%
Aucun quiz correspondant
Distribution des résultats
% des personnes avec chaque résultat
Percentile par nombre de réponses
Votre historique - résultats
Vous n’avez pas pris ce quiz